| 000 | 00532nam a2200217Ia 4500 | ||
|---|---|---|---|
| 005 | 20140507100403.0 | ||
| 008 | 140130s9999 xx 000 0 und d | ||
| 020 | _a9780590641204 | ||
| 050 |
_aQB 801.7 _b.M386 2003 |
||
| 100 |
_aMarzollo, Jean. _96141 |
||
| 245 |
_cJean Marzollo. _aI Am A leaf/ |
||
| 260 |
_bScholastic, _cc2003. _aUSA : |
||
| 300 |
_a30 p. : _bill. col. ; _c26 cm. |
||
| 440 |
_v1 _931119 |
||
| 521 | _aG1 | ||
| 526 | _cBR | ||
| 942 |
_cBK _2lcc |
||
| 999 |
_c41507 _d41507 |
||